00809 a2200157 45000010006000000050017000060080041000230030015000640400040000790800030001192450031001492640032001803000021002125050393002331000025006262543420260407155538.0260407a1966 arg spa dAR-UNSa-BCEJYS aAR-UNSa-BCEJYSbspacAR-UNSa-BCEJYS a347.746xLetras de cambio10aLetra de cambio y pagaré 1aBuenos Aires :bEDIARc1966 ax, 430 p.c22 cm a1. Los títulos de crédito - 2. La letra de cambio - 3. El endoso - 4. La aceptación - 5. El aval - 6. El vencimiento - 7. El pago - 8. Recursos por falta de aceptación y de pago - 9. El protesto - 10. La intervención - 11. Ejemplares y copias - 12. Alteraciones - 13. La cancelación - 14. La prescripción - 15. El pagaré - 16. Régimen internacional de la letra de cambio1 aLegón, Fernando A.